000 00521nam a2200181Ia 4500
003 GCL
008 140319s9999 xx 000 0 ara d
040 _aGCL /
_cGCL
082 0 4 _aم
_b398.031
_bع م
100 1 _aعبدالحميد يونس
245 1 0 _aمعجم الفولكلور /
_cعبدالحميد يونس
300 _a227 ص
650 0 4 _aالفولكلور
650 0 4 _aالمعاجم
650 0 4 _aالفولكلور والتعليم
650 0 4 _aالفولكلور - معاجم
942 _2ddc
_cREF
999 _c59679
_d59679